Rtusamhara o curso de las estaciones
Պահպանված է:
| Հիմնական հեղինակ: | |
|---|---|
| Ձևաչափ: | Գիրք |
| Լեզու: | իսպաներեն |
| Հրապարակվել է: |
Madrid
Aguilar
1964
|
| Շարք: | Biblioteca de Iniciación al Humanismo
|
| Խորագրեր: | |
| Ցուցիչներ: |
Ավելացրեք ցուցիչ
Չկան պիտակներ, Եղեք առաջինը, ով նշում է այս գրառումը!
|
MARC
| LEADER | 00000nam a2200000 a 4500 | ||
|---|---|---|---|
| 001 | UCO5564 | ||
| 003 | CL-VaPUC | ||
| 008 | 000908e19640000SP |||||||||||||||||spa|d | ||
| 082 | 0 | 4 | |a 891.201 |b KAL |2 21 |
| 100 | |a Kalidasa |e author |9 450269 | ||
| 245 | 1 | 0 | |a Rtusamhara o curso de las estaciones |
| 300 | |a 109 p | ||
| 942 | |c BK | ||
| 945 | |d 20000908 00:00:00 |a crobeson | ||
| 260 | |a Madrid |b Aguilar |c 1964 | ||
| 650 | 7 | |a POESIAS SANSCRITAS |2 CL-VaPUC |9 433328 | |
| 650 | 7 | |a LITERATURA SANSCRITA |2 CL-VaPUC |9 450270 | |
| 583 | |a last modification |c 20000908 00:00:00 |k Rodrigo Vera | ||
| 490 | 0 | |a Biblioteca de Iniciación al Humanismo | |
| 999 | |c 291420 |d 291418 | ||
| 952 | |0 0 |1 0 |4 0 |6 891_201000000000000_KAL_1964 |7 0 |8 A |9 341255 |a BIBART |b BIBART |d 2019-11-20 |i 1221698 |o 891.201 KAL 1964 |p 1221698 |r 2025-03-13 |w 2019-11-20 |y BK |k ART | ||